000 00305nam a22001337a 4500
003 SGT
082 _a617.7
_bM15K
100 _aKURANA, A.K
245 _aMOS SERIES PRINCIPLES AND PRACTICE OF GLAUCOMA
260 _aINDIA
_bCBS
_c2015
300 _a330
650 _aOPHTHALMOLOGY
942 _2ddc
_cBK
_01
999 _c14629
_d14629